000 00332nam a22001337a 4500
008 170608b xxu||||| |||| 00| 0 eng d
020 _a9780312149871
041 _aeng
080 _26 ED
_a328
100 _a18
101 _aSHP
245 _aPOINT COUNTERPOINT READING IN AMERICAN GOVERNMENT
_cLEVINE.H.M
942 _2udc
_cBK
999 _c16467
_d16467